Central Library OPAC University of Rajshahi

The industrialization of Egypt, 1939-1973 : (Record no. 64469)

MARC details
000 -LEADER
fixed length control field 00797nam a2200253 a 4500
001 - CONTROL NUMBER
control field 64469
003 - CONTROL NUMBER IDENTIFIER
rucl marc code BD-RjUL
005 - DATE AND TIME OF LATEST TRANSACTION
control field 20211209081319.0
008 - FIXED-LENGTH DATA ELEMENTS--GENERAL INFORMATION
fixed length control field 170215s1976 enk b 001 0 eng d
020 ## - INTERNATIONAL STANDARD BOOK NUMBER
International Standard Book Number 0198284055
035 ## - SYSTEM CONTROL NUMBER
System control number (BD-RjUL)64599
040 ## - CATALOGING SOURCE
Original cataloging agency BD-RjUL
Transcribing agency BD-RjUL
Modifying agency BD-RjUL
Language of cataloging eng
041 ## - LANGUAGE CODE
Language code of text/sound track or separate title eng
082 ## - DEWEY DECIMAL CLASSIFICATION NUMBER
Classification number 338.0962
Edition number 23
Author mark and year MAI 1976
100 1# - MAIN ENTRY--PERSONAL NAME
Personal name Mabro, Robert.
9 (RLIN) 191265
245 14 - TITLE STATEMENT
Title The industrialization of Egypt, 1939-1973 :
Remainder of title policy and performance /
Statement of responsibility, etc. Robert Mabro and Samir Radwan
260 ## - PUBLICATION, DISTRIBUTION, ETC. (IMPRINT)
Place of publication, distribution, etc. Oxford :
Name of publisher, distributor, etc. Clarendon Press,
Date of publication, distribution, etc. 1976
300 ## - PHYSICAL DESCRIPTION
Pagination 279 p. ;
Size 23 cm
504 ## - BIBLIOGRAPHY, ETC. NOTE
Bibliography, etc Includes bibliography and index
650 #0 - SUBJECT ADDED ENTRY--TOPICAL TERM
Topical term or geographic name as entry element Industries
Geographic subdivision Egypt.
9 (RLIN) 191266
Topical term or geographic name as entry element Industries
Geographic subdivision Egypt
General subdivision History.
9 (RLIN) 191267
700 1# - ADDED ENTRY--PERSONAL NAME
Personal name Raḍwān, Samīr Muḥammad.
942 ## - ADDED ENTRY ELEMENTS (KOHA)
Source of classification or shelving scheme Dewey Decimal Classification
Koha item type Books
Holdings
Lost status Source of classification or shelving scheme Damaged status Not for loan Collection code Permanent Location Current Location Shelving location Date acquired Source of acquisition Cost, normal purchase price Total Checkouts Full call number Date last seen Copy number Koha item type
  Dewey Decimal Classification   Not For Loan Non-fiction Central Library, University of Rajshahi Central Library, University of Rajshahi Reading Room 05/10/1979 Heffers 6.75   338.0962 MAI 1976 15/02/2017 C-1 Books